000 00666nam a2200241Ia 4500
005 20260121113222.0
008 12250 260114s9999 xx 000 0 eng d
020 _a9789814434317
037 _aEBOOK
040 _aCRL
_beng
_cCRL
041 _aeng
_2eng
084 _qCRL
100 _aStokes Harold T & Hatch Dorian M
_9970122
245 0 _aIsotropy Subgroups of the 230 Crystallographic Space Groups
260 _bWorld Scientific
260 _bWSPC
260 _c1989
650 _aPhysics
_9970123
856 _uhttps://www.worldscientific.com/worldscibooks/10.1142/0751#t=toc
942 _cEBOOK
999 _c1549550
_d1549550